| 000 | 00427nam a2200181Ia 4500 | ||
|---|---|---|---|
| 005 | 20250603145732.0 | ||
| 008 | 250603s9999 xx 000 0 und d | ||
| 020 | _a9789789631254 | ||
| 050 | _aHM 51 .A45/ | ||
| 100 | _aAliyu, Mustapha Abdullahi | ||
| 245 | 0 | _aSociology : an introduction | |
| 260 | _aKaduna | ||
| 260 | _bTrust Issues Concept | ||
| 260 | _c20-17 | ||
| 300 | _a196 p | ||
| 650 | _aKaduna | ||
| 942 | _cBK | ||
| 999 |
_c42702 _d42702 |
||